Old School MMA - Statistics

General Stats
  • This quiz has been taken 3 times
  • The average score is 70 of 158
Answer Stats
Hint Answer % Correct
Spider Anderson Silva
100%
Minotauro Antonio Rodrigo Nogueira
100%
Smooth Benson Henderson
100%
Prodigy BJ Penn
100%
N/A Brock Lesnar
100%
Cardio Cain Cain Velasquez
100%
Iceman Chuck Liddell
100%
Hendo Dan Henderson
100%
Tank David Abbott
100%
N/A Forrest Griffin
100%
The Legend Frank Shamrock
100%
Worlds Most Dangerous man Ken Shamrock
100%
Kevin Jackson
100%
The Monster Kevin Randleman
100%
FarmBoy Matt Hughes
100%
Cro Cop Mirko Filipovic
100%
The Natural Randy Couture
100%
N/A Renzo Gracie
100%
N/A Royce Gracie
100%
Hightower Semmy Schilt
100%
Huntington Beach Bad Boy Tito Ortiz
100%
N/A Tyson Griffin
100%
Phenom Vitor Belfort
100%
Axe Murderer Wanderlei Silva
100%
Grim Reaper Aleksander Emelianenko
67%
Pitbull Andrei Arlovski
67%
Beast Bob Sapp
67%
The Beast Dan Severn
67%
The Predator Don Frye
67%
The King Of Rock N Rumble Elvis Sinosic
67%
Last Emperor Fedor Emelianenko
67%
N/A Frank Mir
67%
Rush Georges St-Pierre
67%
Golden Judo Master Hidehiko Yoshida
67%
Ice Cold Igor Vovchanchyn
67%
Minowaman Ikuhisa Minowa
67%
Junior Jose Aldo
67%
Warmaster Josh Barnett
67%
Gracie Hunter Kazushi Sakuraba
67%
Ken Flo Kenny Florian
67%
Kimo Kimo Leopoldo
67%
Dragon Lyoto Machida
67%
The Hammer Mark Coleman
67%
Super Samoan Mark Hunt
67%
The Smashing Machine Mark Kerr
67%
Shogun Mauricio Rua
67%
Bust a Move Murilo Bustamante
67%
Russian Bear Oleg Taktarov
67%
Rock Pedro Rizzo
67%
Sugar Rashad Evans
67%
The Tiger Ricardo Arona
67%
Suave Ricco Rodriguez
67%
Ruthless Robbie Lawler
67%
Maneiac Tim Sylvia
67%
Demolition Man Alistair Overeem
33%
N/A Allan Goes
33%
Showtime Anthony Pettis
33%
EL Guapo Bas Rutten
33%
Big Ben Ben Rothwell
33%
B-South Bobby Southworth
33%
Big Brown Brendan Schaub
33%
Natural Born Killer Carlos Condit
33%
Ronin Carlos Newton
33%
American Gangster Chael Sonnen
33%
Crippler Chris Leben
33%
Bull Dan Bobish
33%
The Warrior Dave Menne
33%
Mighty Mouse Demetrious Johnson
33%
Nightmare Diego Sanchez
33%
Dominator Dominick Cruz
33%
King Of Caprock Evan Tanner
33%
Vai Cavalo Fabricio Werdum
33%
Answer Frankie Edgar
33%
Twinkle Toes Frank Trigg
33%
Napao Gabriel Gonzaga
33%
Big Daddy Gary Goodridge
33%
Hurricane Gilbert Yvel
33%
The Sandman Guy Mezger
33%
N/A Harold Howard
33%
Texas Crazy Horse Heath Herring
33%
The Unreal Hermes Franca
33%
The Machine Ian Freeman
33%
Houdini Igor Zinoviev
33%
Colossus James Thompson
33%
Snowman Jeff Monson
33%
Lil Evil Jens Pulver
33%
Gumby Jeremy Horn
33%
N/A Jerry Bohlander
33%
Magician John Dodson
33%
The Machine John Lober
33%
Big Rig Johny Hendricks
33%
Joey Two Times Joseph Benavidez
33%
Kos Josh Koscheck
33%
Ol Iron Head Kazuyuki Fujita
33%
The Giant Killer Keith Hackney
33%
N/A Kenichi Yamamoto
33%
King Of The Streets Marco Ruas
33%
Immortal Matt Brown
33%
The Hammer Matt Hamill
33%
The Law Matt Lindland
33%
Terror Matt Serra
33%
MO Maurice Smith
33%
Young Assassin Melvin Guillard
33%
No Mercy Melvin Manhoef
33%
The Great Nate Marquardt
33%
The Rock Nate Quarry
33%
N/A Nick Diaz
33%
Croatian Sensation Pat Miletich
33%
N/A Patrick Smith
33%
The Headhunter Paul Buentello
33%
Polar Bear Paul Varelans
33%
New York Bad Ass Phil Baroni
33%
African Assassin Rameau Thierry Sokoudjou
33%
The Baron Renan Barao
33%
Babalu Renato Sobral
33%
Ace Rich Franklin
33%
H2O Ron Waterman
33%
Big Country Roy Nelson
33%
Pitbull Scott Ferrozzo
33%
Muscle Shark Sean Sherk
33%
Paratrooper Sergei Kharitonov
33%
The Engineer Shane Carwin
33%
Skyscraper Stefan Struve
33%
American Psycho Stephen Bonnar
33%
Ninja Cop Steve Jennum
33%
FireBall Kid Takanori Gomi
33%
Braveheart Thales Leites
33%
Lieutenant Dan TJ Dillashaw
33%
Trauma Tra Telligman
33%
Hapa Travis Browne
33%
Tiger Vernon White
33%
Cabbage Wesley Correira
33%
Mr. Wonderful Antoni Hardonk
0%
Godfather Of MMA In Minnesota Brad Kohler
0%
Uno Shoten Caol Uno
0%
N/A Cheick Kongo
0%
The Crow David Loiseau
0%
The Soul Assassin David Terrell
0%
Superman Dennis Hallman
0%
Yamato Damashii Enson Inoue
0%
Giant Gan McGee
0%
Undertaker From Hell Gerard Gordeau
0%
N/A Gil Castillo
0%
Mach Hayato Sakurai
0%
Lightning Hector Lombard
0%
Techno Goliath Hong Man Choi
0%
Daddy Joe Stevenson
0%
N/A Mac Danzig
0%
The Eastside Assassin Mickey Burnett
0%
N/A Pat Barry
0%
El Duro Pete Williams
0%
Piranha Ryo Chonan
0%
The Cannon Shannon Rich
0%
N/A Steve Judson
0%
The Barbarian Tim Boetsch
0%
The Janitor Vladimir Matyushenko
0%
Yukisora Yuki Kondo
0%
Thunder Yushin Okami
0%
No matching quizzes found
Score Distribution
Percent of People with Each Score
Percentile by Number Answered
Your Score History
You have not taken this quiz